| 000 | 00501nam a2200181Ia 4500 | ||
|---|---|---|---|
| 003 | GCL | ||
| 008 | 140319s9999 xx 000 0 eng d | ||
| 040 |
_aGCL / _cGCL |
||
| 082 | 0 | 4 |
_a322.1 _bS D |
| 100 | 1 | _aSALAME, CHASSAN | |
| 245 | 1 | 0 |
_aDEMOCRACY WITHOUT DEMOCRATS: THE RENEWAL OF POLITICS IN THE MUSLIM / _cSALAME, CHASSAN |
| 260 |
_a[S.N] : _bI.B. TAURIS & CO LTD ، _c1994 |
||
| 650 | 0 | 4 | _aDEMOCRATS |
| 650 | 0 | 4 | _aDEMOCRACY |
| 650 | 0 | 4 | _aPOLICY |
| 650 | 0 | 4 | _aMUSLIM - WORLD |
| 942 |
_2ddc _cBK |
||
| 999 |
_c25108 _d25108 |
||